films par métiers #2 - Statistiques

Statistiques générales
  • Ce quiz a été pris 86 fois
  • Le résultat moyen est 7 sur 20
Statistiques - réponses
Hint Réponse % Correct
Courtier en Bourse (Jordan Belfort) Le Loup de Wall Street (2013)
82%
Controleur Fiscal (Lucien Cheval) Le Diner de Cons (1998)
72%
Archéologue (René Belloq) Indiana Jones et les Aventuriers de l'Arche Perdue (1981)
61%
Informaticien/Programmeur (Thomas Anderson) Matrix (1999)
53%
Gérante d'un cinéma (Shosanna Dreyfus) Inglorious Basterds (2009)
51%
Detective Privé (Benoit Blanc) A Couteaux Tirés (2019)
50%
Prof d'Histoire Géo (Laurent Monier) Le plus beau Métier du Monde (1996)
47%
Serveuse (Violet Stanford) Coyote Girls (2000)
42%
Chef des Foreurs (Harry S. Stamper) Armageddon (1998)
37%
Commissaire (Pierre Niemans) Les Rivières Pourpres (2000)
32%
Bibliothécaire (Evelyn Carnahan) La Momie (1999)
26%
Entrepreneur de Pompes Funèbres (William Bludworth) Destination Finale (2000)
22%
Gardien de Sécurité (David Dunn) Incassable (2000)
22%
Prof de Français (François Marin) Entre les Murs (2008)
21%
Grutier Débardeur/Docker (Ray Ferrier) La Guerre des Mondes (2005)
21%
Auteur de Romans d'Epouvante (Mike Enslin) Chambre 1408 (2007)
18%
Prof de Maths (Micky Rosa) Las Vegas 21 (2008)
17%
Architecte (Evan Webber) Knock Knock (2015)
14%
Pasteur (Graham Hess) Signes (2002)
14%
Conseiller d'Orientation dans un Lycée (Sam Lombardo) Sexcrimes (1998)
12%
Aucun quiz correspondant
Distribution des résultats
% des personnes avec chaque résultat
Percentile par nombre de réponses
Votre historique - résultats
Vous n’avez pas pris ce quiz